East West relations in the 1980s

Gardado en:
Detalles Bibliográficos
Autor Principal: Bromke, Adam
Autor Corporativo: Canadian Institute for International Peace and Security
Formato: Texto
Publicado: Otawa: Canadian Institute for International Peace and Security
Etiquetas: Engadir etiqueta
Sen Etiquetas, Sexa o primeiro en etiquetar este rexistro!

MARC

LEADER 00000 a a2200000 04500
001 23768
003
040
090 |a 168100  
100 |a Bromke, Adam  
110 |a Canadian Institute for International Peace and Security  
245 |a East West relations in the 1980s  
260 |a Otawa:   |b Canadian Institute for International Peace and Security  
300 |a 103 p.  
999 |c 15661  |d 15661